000 01289nab a22002897a 4500
999 _c6423
_d6423
003 OSt
005 20260202200906.0
008 190506c xxu||||| |||| 00| 0 spa d
040 _cPJ
100 _95715
_aAntacli, Graciela C.
245 1 0 _aInterrogantes sobre la efectiva protección de la salud y seguridad del trabajo en el teletrabajo /
_cGraciela C. Antacli.
260 _aBuenos Aires :
_bAbeledoPerrot,
_c2023.
300 _ap. 3-8
500 _aCita: TR LALEY AR/DOC/2521/2023
505 _aSumario: I. Introducción.— II. En el teletrabajo, ¿es efectiva la protección de la salud y seguridad por la inspección del trabajo?— III. A modo de conclusión.— IV. Referencias bibliográficas.
505 _t¿Te interesa el texto completo? Comunicate al correo: koha@justierradelfuego.gov.ar
650 0 _91316
_aDERECHO LABORAL
650 0 _91323
_aCONTRATO DE TRABAJO
650 0 _9289
_aTECNOLOGIA DE LA INFORMACION
650 0 _96081
_aCIENCIA Y TECNOLOGÍA
650 0 _95233
_aPANDEMIA
650 0 _94439
_aTELETRABAJO
650 0 _95817
_aINTELIGENCIA ARTIFICIAL
650 0 _9273
_aDERECHO INFORMATICO
773 0 _02751
_93202
_dBuenos Aires : AbeledoPerrot, 2013-
_tRevista de derecho laboral y seguridad social. Nº 23 - Diciembre 2023
942 _2udc
_cANA